Ingeniería gráfica y diseño / (Record no. 40)

MARC details
000 -LEADER
fixed length control field 00551nam a22001817a 4500
008 - FIXED-LENGTH DATA ELEMENTS--GENERAL INFORMATION
fixed length control field 120721t xxu||||| |||| 00| 0 spa d
020 ## - INTERNATIONAL STANDARD BOOK NUMBER
International Standard Book Number 978-84-975649-9-1
040 ## - CATALOGING SOURCE
Original cataloging agency AR-FvUNAJ
Modifying agency AR-FvUNAJ
Description conventions aacr2
082 14 - DEWEY DECIMAL CLASSIFICATION NUMBER
Edition number 14
Classification number 604.2
100 1# - MAIN ENTRY--PERSONAL NAME
Personal name Félez, Jesús
9 (RLIN) 129
245 10 - TITLE STATEMENT
Title Ingeniería gráfica y diseño /
Statement of responsibility, etc Jesús Félez, María Luisa Martínez.
260 ## - PUBLICATION, DISTRIBUTION, ETC. (IMPRINT)
Place of publication, distribution, etc Madrid :
Name of publisher, distributor, etc Síntesis,
Date of publication, distribution, etc 2008
300 ## - PHYSICAL DESCRIPTION
Extent 869 p.
650 17 - SUBJECT ADDED ENTRY--TOPICAL TERM
Source of heading or term unescot
Topical term or geographic name as entry element DIBUJO TECNICO
9 (RLIN) 128
650 14 - SUBJECT ADDED ENTRY--TOPICAL TERM
Topical term or geographic name as entry element PROGRAMA CAD
9 (RLIN) 130
700 1# - ADDED ENTRY--PERSONAL NAME
9 (RLIN) 21979
Personal name Martínez, María Luisa
942 ## - ADDED ENTRY ELEMENTS (KOHA)
Source of classification or shelving scheme Dewey Decimal Classification
Item type Libro, folleto, traducción
980 ## - EQUIVALENCE OR CROSS-REFERENCE-SERIES STATEMENT--PERSONAL NAME/TITLE [LOCAL, CANADA]
Field link and sequence number 2
Miscellaneous information Virginia Figueroa
Holdings
Withdrawn status Lost status Source of classification or shelving scheme Damaged status Not for loan Home library Current library Date acquired Source of acquisition Total Checkouts Full call number Barcode Date last seen Copy number Price effective from Koha item type Date last borrowed Total Renewals
    Dewey Decimal Classification   Consulta en Sala Biblioteca Central Biblioteca Central 21/07/2012 Compra   604.2 FEL M UNAJ12070199 17/03/2025 1 21/07/2012 Libro, folleto, traducción    
    Dewey Decimal Classification     Biblioteca Central Biblioteca Central 21/07/2012 Compra 2 604.2 FEL M UNAJ12070200 17/03/2025 2 21/07/2012 Libro, folleto, traducción 02/05/2016  
    Dewey Decimal Classification     Biblioteca Central Biblioteca Central 21/07/2012 Compra 10 604.2 FEL M UNAJ12070201 02/10/2025 3 21/07/2012 Libro, folleto, traducción 09/09/2025 16
    Dewey Decimal Classification   Consultar Disponibilidad Biblioteca Central DEPOSITO 21/07/2012 Compra 8 604.2 FEL M UNAJ12070202 17/03/2025 4 21/07/2012 Libro, folleto, traducción 06/06/2017 7
    Dewey Decimal Classification   Consultar Disponibilidad Biblioteca Central DEPOSITO 21/07/2012 Compra 4 604.2 FEL M UNAJ12070203 17/03/2025 5 21/07/2012 Libro, folleto, traducción 22/06/2016 14
    Dewey Decimal Classification   Consultar Disponibilidad Biblioteca Central DEPOSITO 21/07/2012 Compra 13 604.2 FEL M UNAJ12070204 17/03/2025 6 21/07/2012 Libro, folleto, traducción 29/05/2017 9

Lunes a Viernes 8:30 a 19:00 hs. Cerrado por mudanza
Av.Calchaqui 6200 Florencio Varela (CP188) 2°piso Edificio Mosconi Aula 209-210
Mail: bibliotecacentralunaj@gmail.com  
Whatsapp(54 9)1122668024    ❔Pregunte a la bibliotecaria
© Universidad Nacional Arturo Jauretche | Secretaría Académica | Biblioteca Central UNAJ